000 nam a22 7a 4500
999 _c10770
_d10770
008 180223b ||||| |||| 00| 0 eng d
100 _aMoses,F.etal.
_96615
245 _aMapping Territories
260 _aChennai
_c2012